РУССКИЕ и немцы: старые образы врага уступают место новым надеждам. Рихтер Х.-Э. (редактор и составитель) (Запись № 9543612)

Подробности
000 -МАРКЕР
контрольное поле 01703nam0a22003131 4500
001 - ИДЕНТИФИКАТОР ЗАПИСИ
контрольное поле rc\266981
005 - ИДЕНТИФИКАТОР ВЕРСИИ
контрольное поле 20050623133239.2
035 ## - ДРУГИЕ СИСТЕМНЫЕ НОМЕРА
Идентификатор записи (NLR Aleph) 008744024
100 ## - ДАННЫЕ ОБЩЕЙ ОБРАБОТКИ
Данные общей обработки 20030307d1991 u |0rusy50 ca
101 0# - ЯЗЫК РЕСУРСА
Язык текста, звукозаписи и т.д. русский
102 ## - СТРАНА ПУБЛИКАЦИИ ИЛИ ПРОИЗВОДСТВА
Страна публикации Российская Федерация
105 ## - ПОЛЕ КОДИРОВАННЫХ ДАННЫХ: ТЕКСТОВЫЕ МАТЕРИАЛЫ, МОНОГРАФИЧЕСКИЕ
Кодированные данные о монографическом текстовом документе y |||||||||
200 1# - ЗАГЛАВИЕ И СВЕДЕНИЯ ОБ ОТВЕТСТВЕННОСТИ
Основное заглавие РУССКИЕ и немцы: старые образы врага уступают место новым надеждам. Рихтер Х.-Э. (редактор и составитель)
Первые сведения об ответственности [Д. ист. н. Л.Г. Истягин
Последующие сведения об ответственности Отв. ред. д. ист. н. Б.С. Орлов]
210 ## - ПУБЛИКАЦИЯ, РАСПРОСТРАНЕНИЕ И ДР.
Место издания, распространения и т.д. М.
Имя издателя, распространителя и т. д. ИНИОН
Дата издания, распространения и т.д. 1991
215 ## - ФИЗИЧЕСКАЯ ХАРАКТЕРИСТИКА
Специфическое обозначение материала и объем 18 с.
Размеры 27
225 1# - СЕРИЯ
Основное заглавие серии Специализированная информация
Сведения об ответственности АН СССР. ИНИОН
Обозначение тома № 66/1318
300 ## - ОБЩИЕ ПРИМЕЧАНИЯ
Текст примечания Сведения о реф. изд.: Russen und Deutsche Alte Feindbilder weichen menen Hoffnungen / Hrsq. von Richter H.-E.-I. Aufl. - Namburq: Hoffman u. Campe Verl., 1990. - 224 s.
607 ## - ГЕОГРАФИЧЕСКОЕ НАИМЕНОВАНИЕ КАК ПРЕДМЕТ
Географическое наименование Федеративная Республика Германия
Тематический подзаголовок Взаимоотношения с СССР
Хронологический подзаголовок 1945
Код системы nlr_sh1
607 ## - ГЕОГРАФИЧЕСКОЕ НАИМЕНОВАНИЕ КАК ПРЕДМЕТ
Географическое наименование СССР
Тематический подзаголовок Взаимоотношения с Федеративной Республикой Германией
Хронологический подзаголовок 1945
Код системы nlr_sh1
701 #1 - ИМЯ ЛИЦА - АЛЬТЕРНАТИВНАЯ ОТВЕТСТВЕННОСТЬ
Начальный элемент ввода Истягин
Часть имени, кроме начального элемента ввода Л. Г.
Расширение инициалов личного имени Леонид Григорьевич
702 #1 - ИМЯ ЛИЦА - ВТОРИЧНАЯ ОТВЕТСТВЕННОСТЬ
Начальный элемент ввода Орлов
Часть имени, кроме начального элемента ввода Б. С.
Даты 1930-
Расширение инициалов личного имени Борис Сергеевич
Код отношения Редактор
712 02 - НАИМЕНОВАНИЕ ОРГАНИЗАЦИИ - ВТОРИЧНАЯ ОТВЕТСТВЕННОСТЬ
Начальный элемент ввода Институт науч. информации по общественным наукам
Идентифицирующий признак Москва
Идентификатор авторитетной/нормативной записи RU\NLR\AUTH\88992
801 #0 - ИСТОЧНИК ЗАПИСИ
Страна Российская Федерация
Организация NLR
Правила каталогизации psbo
801 #1 - ИСТОЧНИК ЗАПИСИ
Страна Российская Федерация
Организация ELAR
Источник данных rusmarc
801 #2 - ИСТОЧНИК ЗАПИСИ
Страна Российская Федерация
Организация NLR
Дата составления 20050524
Источник данных rusmarc
852 ## - МЕСТОНАХОЖДЕНИЕ И ШИФР ХРАНЕНИЯ
Идентификатор организации NLR
Шифр хранения (Call Number) 91-8/675
942 ## - ДОПОЛНИТЕЛЬНЫЕ ЭЛЕМЕНТЫ ЗАПИСИ (АБИС)
Тип экземпляра АБИС Книга
980 ## - КОЛЛЕКЦИЯ
Название коллекции Национальная библиография
Экземпляры
Тип экземпляра Дата поступления Библиотека постоянного хранения Библиотека текущего хранения Место хранения Шифр хранения Штрих-код Статус экземпляра
Книга 26.10.2013 РНБ (Московский) РНБ (Московский) Русский книжный фонд: издания с 1957 года 91-8/675 1-1044241